Computer science : an overview
Αποθηκεύτηκε σε:
| Κύριος συγγραφέας: | |
|---|---|
| Μορφή: | Βιβλίο |
| Γλώσσα: | English |
| Δημοσίευση: |
Reading, Mass. :
Addison Wesley,
c2000.
|
| Έκδοση: | 6th ed. |
| Θέματα: | |
| Ετικέτες: |
Προσθήκη ετικέτας
Δεν υπάρχουν, Καταχωρήστε ετικέτα πρώτοι!
|
MARC
| LEADER | 00000cam a2200000 i 4500 | ||
|---|---|---|---|
| 001 | 1/16637 | ||
| 008 | 010202s2000 mau| ||| |||| ||eng|| | ||
| 020 | |a 020135747X | ||
| 035 | |l 10065846 | ||
| 040 | |a GR-MyUa |b gre |e AACR2 | ||
| 041 | 0 | |a eng | |
| 082 | 7 | |a 004 |2 (21) | |
| 100 | 1 | |a Brookshear, J. Glenn. | |
| 245 | 1 | 0 | |a Computer science : |b an overview / |c J. Glenn Brookshear. |
| 250 | |a 6th ed. | ||
| 260 | |a Reading, Mass. : |b Addison Wesley, |c c2000. | ||
| 300 | |a xiv, 609 σ. : |b εικ. ; |c 24 εκ. | ||
| 500 | |a Περιλαμβάνει ευρετήριο. | ||
| 650 | 0 | |a Computer science. | |
| 852 | |a INST |b SYROS |e 20010202 |h 004 BRO |p 005500001510 |q 005500001510 |t BK |y 0 | ||
| 901 | |a BIBL5-2001-1 | ||
| 922 | |a 5ΕΛΗ |b 200012 |c Γραφικών Τεχνών |d Μιχαλόπουλος | ||
| 950 | |a 183-2000-12-07 | ||
| 970 | |a Κοντού |b Παρασκευή |z 08/02/2001 | ||